| 000 | 01721nam a2200397 i 4500 | ||
|---|---|---|---|
| 001 | DIGPUCEC0108 | ||
| 003 | NyNyDIG | ||
| 007 | cr ||||||||||| | ||
| 008 | 250115s2022 ec ob 000 0 spa d | ||
| 006 | m o d | ||
| 035 | _a(OCoLC)1491107927 | ||
| 040 |
_aDGITA _beng _erda _epn _cDGITA |
||
| 020 | _z9789978776056 | ||
| 050 | 1 | 4 | _aB795 ebook |
| 100 | 1 |
_aTerán Dutari, Julio, _eauthor. |
|
| 245 | 1 | 0 |
_aConocimiento y tradición metafísica : _bestudios gnoseológicos sobre Bergson, Heidegger, Husserl, Hegel, Kant, Tomás de Aquino / _cJulio Terán Dutari. |
| 264 | 1 |
_aQuito : _bCentro de Publicaciones Pontificia Universidad Católica del Ecuador, _c[2022] |
|
| 300 | _a1 online resource. | ||
| 336 |
_atext _btxt _2rdacontent |
||
| 337 |
_acomputer _bc _2rdamedia |
||
| 338 |
_aonline resource _bcr _2rdacarrier |
||
| 347 |
_atext file _2rdaft |
||
| 347 | _bPDF | ||
| 490 | 1 | _aCátedra Abierta Problemas de Filosofía Ecuatoriana | |
| 504 | _aIncludes bibliographical references. | ||
| 588 | 0 | _aOnline resource; title from PDF title page (Digitalia, viewed January 15, 2025) | |
| 650 | 0 | _aPhilosophy, Modern. | |
| 650 | 0 | _aKnowledge, Theory of. | |
| 791 | 2 |
_aDigitalia (Firm), _edistributor. |
|
| 793 | 0 |
_gDigitalia eBook Collection: _aPontificia Universidad Católica del Ecuador |
|
| 776 | 0 | 8 |
_iPrint version: _aTerán Dutari, Julio. _tConocimiento y tradición metafísica. _dQuito : Centro de Publicaciones Pontificia Universidad Católica del Ecuador, [2022] _z9789978776056 |
| 830 | 0 |
_aCátedra abierta. _pProblemas de filosofía ecuatoriana. |
|
| 856 | 4 | 0 |
_3Digitalia Hispánica _uhttps://www.digitaliapublishing.com/a/157004/ |
| 910 | _aPremium collection: 2025 | ||
| 942 | _cRAA | ||
| 999 |
_c286957 _d286957 |
||